00594 2200229 4500001002100000005001700021008004100038020001800079035002400097082001000121090002000131111001900151245004500170250001000215260003500225300002800260650002700288850001500315980001300330985000600343999001500349YOGYA-0209000003490520090227024942.0 ind  a979-489-290-4 0010-020900000034905 a636.6 a636.6bRed MlT aREDAKSI TRUBUS aMengebunkan tanaman buahcRedaksi Trubus aCet.2 aJakartabPenebar Swadayac1996 aiv, 24 hlmbilusc21 cm aPerkebunan buah-buahan aYOPDYOG(B) a06-11-06 a1 a97P0098859